| Поле | Название | Значение |
| |
Тип записи |
a |
| |
Библиографический уровень |
m |
| 001 |
Контрольный номер |
RU/SLIB/B/208761668 |
| 005 |
Дата корректировки |
20201206204220.2 |
| 010 |
Индекс ISBN |
__ |
| a |
ISBN |
5-98118-077-3 (в пер.) |
| d |
Цена |
256-50 |
| 021 |
№ государственной регистрации |
__ |
| b |
№ документа |
2004-42886 |
| b |
№ документа |
2131 |
| 100 |
Данные общей обработки |
__ |
| a |
Данные общей обработки |
19040721d2004 |||y0rusy0189 ca |
| 101 |
Язык документа |
0_ |
| a |
Язык текста |
rus |
| c |
Язык оригинала |
rus |
| 102 |
Страна публикации |
__ |
| a |
Страна публикации |
ru |
| 105 |
Кодированные данные (монография) |
__ |
| a |
Кодированные данные (монография) |
a |||||||zy |
| 200 |
Заглавие и сведения об ответственности |
1_ |
| a |
Заглавие |
Формирование брэнда средствами рекламы и PR |
| e |
Сведения, относящиеся к заглавию |
учеб. пособие |
| f |
Первые сведения об ответственности |
В. Л. Музыкант |
| b |
Общее обозначение материала |
Текст |
| 210 |
Выходные данные |
__ |
| a |
Место издания |
М. |
| c |
Издательство |
Экономистъ |
| d |
Дата издания |
2004 |
| 215 |
Физическое описание |
__ |
| a |
Объем |
606, [1] с. |
| c |
Иллюстрации/тип воспроизводства |
ил., портр., факс. |
| 225 |
Серия |
__ |
| a |
Серия |
Homo faber |
| 300 |
Общие примечания |
__ |
| a |
Общие примечания |
В конце кн. авт.: Музыкант В.Л., д.социол.н., проф. |
| 320 |
Библиография |
__ |
| a |
Библиография |
Библиогр.: с. 599-606 (242 назв.) и в подстроч. прим. |
| 330 |
Аннотация |
__ |
| a |
Аннотация |
Особое внимание в книге уделено богатой зарубежной и отечественной практике и области создания, медиапланирования и продвижения торговых марок, опыту управления брэндами на различных этапах жизненного цикла товара. |
| 606 |
Тематические рубрики |
__ |
| a |
Основная рубрика |
Маркетинг |
| a |
Основная рубрика |
Реклама в СМИ |
| a |
Основная рубрика |
Средства массовой информации |
| a |
Основная рубрика |
Экономика |
| 610 |
Ключевые слова |
__ |
| a |
Ключевые слова |
брэнды; бренды; реклама; брэндовые коммуникации; нейминг; брэндинг; рекламный рынок; медиапланирование; рекламные кампании; PR; имидж организации; антикризисное планирование; рыночные стратегии; коммуникационные процессы; деловая культура; брендинг |
| 686 |
Индексы других классификаций |
__ |
| a |
Классификационный индекс |
65.291.34я73 |
| 686 |
Индексы других классификаций |
__ |
| a |
Классификационный индекс |
76.006.5я73 |
| 700 |
Автор |
_1 |
| a |
Фамилия |
Музыкант |
| b |
Имя |
В. Л. |
| g |
Полное личное имя |
Валерий Леонидович |
| 4 |
Код отношения |
070 |
| 801 |
Источник записи |
_0 |
| a |
Страна |
ru |
| b |
Организация |
Муниципальное бюджетное учреждение культуры "Централизованная библиотечная система" г. Сургут (Центральная городская библиотека им. А. С. Пушкина) |
| c |
Дата составления |
20040721 |
| g |
Правила каталогизации |
КиК/Уланова |
| 801 |
Источник записи |
_1 |
| a |
Страна |
ru |
| b |
Организация |
Муниципальное бюджетное учреждение культуры "Централизованная библиотечная система" г. Сургут (Центральная городская библиотека им. А. С. Пушкина) |
| c |
Дата составления |
20040721 |
| g |
Правила каталогизации |
КиК/Уланова |
| 852 |
Данные о местонахождении |
__ |
| j |
Шифр хранения |
65.291.34я73 |
| c |
Каталожный индекс |
65.290-2я73 ; 76.006.5я73 |
| i |
Авторский знак |
М 89 |
| p |
Инвентарный номер |
05040514 |
| 901 |
Тип документа |
__ |
| t |
Тип документа |
m |
| 903 |
Характеристики (МАРС) |
__ |
| a |
Дата передачи |
20050412 |
| 969 |
Тип издания |
__ |
| a |
Тип издания |
учебное пособие |
| 990 |
Данные о заказе (DOS) |
__ |
| t |
N записи в КСУ для И/У (DOS) |
200609; 200504 |
| j |
Количество экземпляров (DOS) |
3 |